书目信息 |
| 题名: |
百年老店:名家的秘诀
|
|
| 作者: | 本书编写组 | |
| 分册: | ||
| 出版信息: | 武汉 华中科技大学出版社 2015.06 |
|
| 页数: | 325页 | |
| 开本: | 16cm | |
| 丛书名: | ||
| 单 册: | ||
| 中图分类: | F279.1 | |
| 科图分类: | ||
| 主题词: | 企业经济 | |
| 电子资源: | ||
| ISBN: | 7-5680-0968-8 | |
| 000 | 00590nam0 2200193 450 | |
| 001 | 2910 | |
| 005 | 20161207085420.85 | |
| 010 | @a7-5680-0968-8@dCNY38.00 | |
| 100 | @a20150811d2015 km y0chiy0120 ea | |
| 101 | 0 | @achi |
| 102 | @aCN@b420000 | |
| 200 | 1 | @a百年老店:名家的秘诀@Abai nian lao dian:ming jia de mi jue@f本书编写组@Fben shu bian xie zu |
| 210 | @a武汉@c华中科技大学出版社@d2015.06 | |
| 215 | @a325页@d16cm | |
| 330 | @a老字号·商业经营·经验·世界 | |
| 606 | 0 | @a企业经济 |
| 690 | @aF279.1@v4 | |
| 801 | 0 | @aCN@b大连网信软件有限公司图书馆·11@c20161207 |
| 905 | @aZUCC@dF279.1@e1331 | |
| 百年老店:名家的秘诀/本书编写组.-武汉:华中科技大学出版社,2015.06 |
| 325页;16cm |
| ISBN 7-5680-0968-8:CNY38.00 |
| 老字号·商业经营·经验·世界 |
| ● |
| 相关链接 |
|
|
|
|
正题名:百年老店:名家的秘诀
索取号:F279.1/1331
 
预约/预借
| 序号 | 登录号 | 条形码 | 馆藏地/架位号 | 状态 | 备注 |
| 1 | 911529 | 209115296 | 第一样本阅览室/ [索取号:F279.1/1331] | 在馆 | |
| 2 | 911530 | 209115303 | 第一借阅区/ [索取号:F279.1/1331] | 在馆 | |
| 3 | 911531 | 209115312 | 第一借阅区/ [索取号:F279.1/1331] | 在馆 | |
| 4 | 911532 | 209115321 | 第一借阅区/ [索取号:F279.1/1331] | 在馆 | |
| 5 | 911533 | 209115330 | 第一借阅区/ [索取号:F279.1/1331] | 在馆 |